000
00220 a2200097 4500
001
23148
100
_a
Myint, H
245
_a
Economic of the Developing Countries
260
_a
_b
Hutchinson
_c
1968
090
_c
15688
_d
15688
942
_a
NUST-CAE
_c
M
_c
6322
999
_c
258221
_d
258221